000 00286nam a22001217a 4500
008 250317b |||||||| |||| 00| 0 eng d
020 _a9780323296134
050 _aRL95
_b.A45
100 _aAlikhan Ali
245 _aReview of dermatology
260 _aIndia
_bElsevier
_c2017
942 _cBK
999 _c2397
_d2397